[Event "Bogota El Tablazo Blitz op"]
[Site "Bogota"]
[Date "2021.11.07"]
[Round "13"]
[White "Ruiz Aguilar, Pablo Alexander"]
[Black "Murillo, Oscar"]
[Result "1-0"]
[WhiteElo "2147"]
[BlackElo "1713"]
[PlyCount "53"]
[EventDate "2021.11.07"]
[EventType "swiss"]
[EventRounds "14"]
[EventCountry "COL"]
[SourceTitle "CBM 205 Extra"]
[Source "ChessBase"]
[SourceDate "2022.01.31"]
[SourceVersion "1"]
[SourceVersionDate "2022.01.31"]
[SourceQuality "1"]

1. e4 c5 2. Nf3 g6 3. d4 cxd4 4. Nxd4 Bg7 5. Nc3 Nc6 6. Be3 Nf6 7. Bc4 0-0 8. Bb3 a6 9. f3 e5 10. Nde2 d6 11. Qd2 b5 12. 0-0-0 Ne8 13. Kb1 Be6 14. h4 h5 15. Nd5 a5 16. a3 b4 17. a4 Rb8 18. Bg5 Qd7 19. Bh6 Bxd5 20. Bxd5 Ne7 21. Bb3 Rc8 22. Bxg7 Kxg7 23. g4 Rh8 24. Rdg1 Nf6 25. Ng3 hxg4 26. h5 Nxh5 27. Nxh5+ 1-0

[Event "Bogota sf2 U16"]
[Site "Bogota"]
[Date "2018.04.01"]
[Round "6.5"]
[White "Lopez Ramirez, Daniel Giovanny"]
[Black "Murillo, Oscar"]
[Result "1-0"]
[WhiteElo "1529"]
[BlackElo "1796"]
[PlyCount "41"]
[EventDate "2018.03.29"]
[EventType "swiss"]
[EventRounds "6"]
[EventCountry "COL"]
[SourceTitle "EXT 2024"]
[Source "ChessBase"]
[SourceDate "2023.10.10"]
[SourceVersion "1"]
[SourceVersionDate "2023.10.10"]
[SourceQuality "1"]

1. e4 Nf6 2. e5 Nd5 3. d4 d6 4. exd6 cxd6 5. h3 g6 6. Nf3 Bg7 7. Bc4 Nb6 8. Bb3 0-0 9. 0-0 Nc6 10. c3 Bf5 11. Re1 h6 12. Nbd2 Kh7 13. Ne4 e5 14. dxe5 Bxe4 15. Rxe4 dxe5 16. Rh4 Qe7 17. Qc2 f5 18. Ng5+ Kh8 19. g3 Rac8 20. Qe2 Rce8 21. Ne6 1-0

[Event "Bogota sf2 U16"]
[Site "Bogota"]
[Date "2018.03.29"]
[Round "1.3"]
[White "Murillo, Oscar"]
[Black "Macias Chavarro, Manuela"]
[Result "1/2-1/2"]
[WhiteElo "1796"]
[BlackElo "1417"]
[PlyCount "90"]
[EventDate "2018.03.29"]
[EventType "swiss"]
[EventRounds "6"]
[EventCountry "COL"]
[SourceTitle "EXT 2024"]
[Source "ChessBase"]
[SourceDate "2023.10.10"]
[SourceVersion "1"]
[SourceVersionDate "2023.10.10"]
[SourceQuality "1"]

1. e4 e5 2. Nf3 Nc6 3. Bc4 Bc5 4. b4 Bxb4 5. c3 Ba5 6. Qb3 Qf6 7. d3 h6 8. 0-0 Nge7 9. d4 0-0 10. d5 Nb8 11. Ba3 d6 12. Bb5 a6 13. Be2 Qg6 14. Nbd2 Bh3 15. Nh4 Qf6 16. gxh3 Qxh4 17. Kh1 Bb6 18. Bxd6 Nd7 19. Ba3 Rfe8 20. Rg1 Bxf2 21. Rg2 Bc5 22. Bxc5 Nxc5 23. Qc4 b6 24. Rf1 Rf8 25. Bg4 Ng6 26. Bf5 Nf4 27. Rg4 Qe7 28. Rfg1 g6 29. d6 cxd6 30. Bxg6 Kh8 31. Bf5 Rg8 32. Qf1 Rxg4 33. hxg4 Qg5 34. Nc4 Rd8 35. Nxb6 Ncd3 36. Nd5 Nh3 37. Rg3 Nhf2+ 38. Kg1 Rb8 39. Nb4 Nxb4 40. cxb4 Rxb4 41. Qxf2 Qc1+ 42. Qf1 Qc5+ 43. Kg2 Rb2+ 44. Kh3 Rxa2 45. Bc8 Rf2 1/2-1/2

[Event "COL-ch Amateur U2000"]
[Site "Bogota"]
[Date "2017.03.04"]
[Round "5"]
[White "Murillo, Oscar"]
[Black "Acosta, Jaime"]
[Result "1-0"]
[WhiteElo "1781"]
[BlackElo "1684"]
[PlyCount "25"]
[EventDate "2017.03.02"]
[EventType "swiss"]
[EventRounds "7"]
[EventCountry "COL"]
[SourceTitle "CBM 177 Extra"]
[Source "ChessBase"]
[SourceDate "2017.04.27"]
[SourceVersion "1"]
[SourceVersionDate "2017.04.27"]
[SourceQuality "1"]

1. e4 c5 2. Nf3 d6 3. d3 Nc6 4. g3 Nf6 5. Nc3 e6 6. Bg2 Bd7 7. Be3 Be7 8. 0-0 a6 9. h3 0-0 10. Nh2 b5 11. f4 b4 12. Ne2 g6 13. g4 1-0

[Event "Bogota Navidad op"]
[Site "Bogota"]
[Date "2016.12.09"]
[Round "4"]
[White "Murillo, Oscar"]
[Black "Segura, Gabriela"]
[Result "1-0"]
[WhiteElo "1759"]
[BlackElo "1656"]
[PlyCount "41"]
[EventDate "2016.12.07"]
[EventType "swiss"]
[EventRounds "9"]
[EventCountry "COL"]
[SourceTitle "CBM 176 Extra"]
[Source "ChessBase"]
[SourceDate "2017.03.02"]
[SourceVersion "1"]
[SourceVersionDate "2017.03.02"]
[SourceQuality "1"]

1. e4 e5 2. Nf3 Nf6 3. Nc3 Nc6 4. Bc4 Bc5 5. 0-0 h6 6. h3 d6 7. d3 g5 8. Be3 g4 9. hxg4 Bxg4 10. Nd5 Nxd5 11. exd5 Ne7 12. Re1 a6 13. d4 e4 14. dxc5 exf3 15. Bd4 0-0 16. Bf6 Re8 17. Qd4 Qd7 18. Bxe7 Kh7 19. Bf6 dxc5 20. Bd3+ Bf5 21. Qg4 1-0

[Event "Bogota Navidad op"]
[Site "Bogota"]
[Date "2016.12.08"]
[Round "3"]
[White "Bejarano, Alba Ligia"]
[Black "Murillo, Oscar"]
[Result "0-1"]
[WhiteElo "1600"]
[BlackElo "1759"]
[PlyCount "54"]
[EventDate "2016.12.07"]
[EventType "swiss"]
[EventRounds "9"]
[EventCountry "COL"]
[SourceTitle "CBM 176 Extra"]
[Source "ChessBase"]
[SourceDate "2017.03.02"]
[SourceVersion "1"]
[SourceVersionDate "2017.03.02"]
[SourceQuality "1"]

1. d4 Nf6 2. Bf4 d5 3. Nf3 g6 4. e3 Bg7 5. Bd3 0-0 6. 0-0 Nc6 7. Nbd2 Bg4 8. h3 Bd7 9. c4 e6 10. Re1 Ne7 11. e4 dxe4 12. Nxe4 Bc6 13. Nxf6+ Bxf6 14. Be5 Nf5 15. Bxf6 Qxf6 16. Ne5 Nxd4 17. Nxc6 Nxc6 18. Qg4 Ne5 19. Qg3 Rad8 20. Rad1 Nxd3 21. Rxd3 Rxd3 22. Qxd3 Qxb2 23. Qd7 Qc3 24. Re4 Qb2 25. Re1 Qb4 26. Rc1 Qd6 27. Qa4 Qc5 0-1

[Event "COL-ch U12"]
[Site "Bogota"]
[Date "2015.05.15"]
[Round "5"]
[White "Murillo, Oscar"]
[Black "Perez V, Juan Esteban"]
[Result "1-0"]
[WhiteElo "1828"]
[BlackElo "1713"]
[PlyCount "59"]
[EventDate "2015.05.13"]
[EventType "tourn"]
[EventRounds "9"]
[EventCountry "COL"]
[SourceTitle "CBM 166 Extra"]
[Source "ChessBase"]
[SourceDate "2015.06.18"]
[SourceVersion "1"]
[SourceVersionDate "2015.06.18"]
[SourceQuality "1"]

1. e4 e6 2. d4 d5 3. e5 c5 4. c3 Nc6 5. Nf3 Qb6 6. Bd3 Bd7 7. Bc2 Rc8 8. 0-0 cxd4 9. cxd4 Nb4 10. Ba4 Nc6 11. Nc3 Nge7 12. Nb5 Nf5 13. g4 Nh6 14. Bxh6 gxh6 15. Qd2 Rg8 16. Qf4 a6 17. Nd6+ Bxd6 18. exd6 Qb4 19. Bxc6 Rxc6 20. Ne5 f5 21. Nxc6 bxc6 22. f3 c5 23. Rad1 cxd4 24. Rxd4 Qa5 25. Qxh6 Qc5 26. Qf4 h5 27. h3 hxg4 28. fxg4 Kd8 29. Rc1 Qb6 30. Qe5 1-0

[Event "COL-ch U12"]
[Site "Bogota"]
[Date "2015.05.14"]
[Round "2"]
[White "Alvarez Angel, Nelson Eduardo"]
[Black "Murillo, Oscar"]
[Result "1-0"]
[WhiteElo "1726"]
[BlackElo "1828"]
[PlyCount "109"]
[EventDate "2015.05.13"]
[EventType "tourn"]
[EventRounds "9"]
[EventCountry "COL"]
[SourceTitle "CBM 166 Extra"]
[Source "ChessBase"]
[SourceDate "2015.06.18"]
[SourceVersion "1"]
[SourceVersionDate "2015.06.18"]
[SourceQuality "1"]

1. d4 Nf6 2. c4 g6 3. Nc3 d5 4. Bg5 Ne4 5. Bf4 Nxc3 6. bxc3 Bg7 7. e3 0-0 8. Nf3 c5 9. Qb3 dxc4 10. Bxc4 Nc6 11. Ng5 e6 12. Qa3 Qa5 13. Qxa5 Nxa5 14. Be2 cxd4 15. cxd4 Nc6 16. Bf3 Nb4 17. Kd2 f6 18. Ne4 e5 19. dxe5 fxe5 20. Bg5 Bf5 21. Ng3 e4 22. Rab1 exf3 23. Rxb4 fxg2 24. Rg1 Rfc8 25. Ke2 Rc2+ 26. Kf3 Bh3 27. Ne4 Be5 28. Bf4 Bxf4 29. Kxf4 Rf8+ 30. Kg3 Bf5 31. Rxg2 Bxe4 32. Rxe4 Rxa2 33. Re7 Rb2 34. h4 a5 35. h5 a4 36. h6 Rb6 37. Rg1 a3 38. Rc1 Rc6 39. Rb1 a2 40. Ra1 Ra8 41. Rxb7 Rc1 42. Rxc1 a1Q 43. Rxa1 Rxa1 44. Kf4 Rf1 45. f3 Rh1 46. Kg5 Rh3 47. Rb8+ Kf7 48. Rh8 Rh5+ 49. Kg4 Rxh6 50. Ra8 Rh5 51. e4 Rh1 52. Kf4 h5 53. Ke5 h4 54. Ra7+ Kg8 55. Kf6 1-0

[Event "Bogota Region-ch U12"]
[Site "Bogota"]
[Date "2015.02.07"]
[Round "2.1"]
[White "Murillo, Oscar"]
[Black "Gomez Leon, Sebastian"]
[Result "1-0"]
[WhiteElo "1877"]
[BlackElo "1603"]
[PlyCount "103"]
[EventDate "2015.02.07"]
[EventType "swiss"]
[EventRounds "6"]
[EventCountry "COL"]
[SourceTitle "EXT 2024"]
[Source "ChessBase"]
[SourceDate "2023.10.10"]
[SourceVersion "1"]
[SourceVersionDate "2023.10.10"]
[SourceQuality "1"]

1. e4 e5 2. Nf3 Nc6 3. Bc4 d6 4. d4 exd4 5. Nxd4 Nf6 6. Nc3 Bd7 7. Bg5 Be7 8. 0-0 0-0 9. Nf3 Bg4 10. Qd3 Nb4 11. Qe2 Re8 12. a3 Nc6 13. Qe3 Bxf3 14. Qxf3 Ne5 15. Qe2 Nfd7 16. Bxe7 Qxe7 17. Nd5 Qd8 18. Ba2 c6 19. Ne3 Nc5 20. f3 Qb6 21. b4 Ne6 22. Kh1 Nf4 23. Qf2 Rad8 24. Nc4 Qxf2 25. Rxf2 d5 26. exd5 Nxd5 27. Nxe5 Rxe5 28. h3 Nc3 29. Bc4 Rd1+ 30. Rxd1 Nxd1 31. Rd2 Re1+ 32. Kh2 g6 33. Rd8+ Kg7 34. Rd7 Ne3 35. Rxf7+ Kh6 36. Bb3 Re2 37. Rxb7 Nxg2 38. Kg1 Nf4 39. h4 Nh3+ 40. Kf1 Rf2+ 41. Ke1 Rxf3 42. Bg8 g5 43. Rxh7+ Kg6 44. h5+ Kf5 45. Rf7+ Ke4 46. Rxf3 Kxf3 47. h6 Nf4 48. Bf7 Ng2+ 49. Kd2 Ne3 50. h7 Nf1+ 51. Ke1 Ne3 52. h8Q 1-0

[Event "COL-ch School U13"]
[Site "Bogota"]
[Date "2014.11.16"]
[Round "4.6"]
[White "Cotes Ontibon, Juan Sebastian"]
[Black "Murillo, Oscar"]
[Result "1-0"]
[WhiteElo "1858"]
[BlackElo "1990"]
[PlyCount "117"]
[EventDate "2014.11.14"]
[EventType "swiss"]
[EventRounds "6"]
[EventCountry "COL"]
[SourceTitle "EXT 2024"]
[Source "ChessBase"]
[SourceDate "2023.10.10"]
[SourceVersion "1"]
[SourceVersionDate "2023.10.10"]
[SourceQuality "1"]

1. Nf3 Nc6 2. e4 e5 3. Bb5 a6 4. Ba4 Nf6 5. Nc3 b5 6. Bb3 Be7 7. d3 d6 8. Nd5 Nxd5 9. Bxd5 Bd7 10. d4 Rb8 11. c3 b4 12. Qb3 bxc3 13. Qxc3 exd4 14. Qc4 Nb4 15. a3 Bb5 16. Qxb4 c6 17. Ba2 c5 18. Qd2 d3 19. a4 Bxa4 20. Bxf7+ Kxf7 21. Rxa4 Rb3 22. Ra3 Qb6 23. Rxb3 Qxb3 24. 0-0 h6 25. Qc3 Qxc3 26. bxc3 Rb8 27. Rd1 Rb1 28. Kf1 Bf6 29. e5 dxe5 30. Nd2 Ra1 31. Ne4 Kg6 32. Ke1 Be7 33. Be3 Rxd1+ 34. Kxd1 c4 35. Bc5 Bxc5 36. Nxc5 a5 37. Ne4 a4 38. Kc1 a3 39. Kb1 Kf5 40. Nd2 Ke6 41. Nxc4 Kd5 42. Nd2 g5 43. Ka2 h5 44. Kxa3 g4 45. g3 Kc5 46. Kb3 Kd5 47. Kb4 e4 48. c4+ Kd4 49. c5 e3 50. fxe3+ Kxe3 51. c6 Kxd2 52. c7 Ke2 53. c8Q d2 54. Qc4+ Kf2 55. Qd3 Ke1 56. Qe3+ Kd1 57. Kc3 Kc1 58. Qxd2+ Kb1 59. Qb2# 1-0

[Event "COL-ch School U13"]
[Site "Bogota"]
[Date "2014.11.16"]
[Round "3.3"]
[White "Murillo, Oscar"]
[Black "Lopez Ramirez, David Santiago"]
[Result "1/2-1/2"]
[WhiteElo "1990"]
[BlackElo "1452"]
[PlyCount "66"]
[EventDate "2014.11.14"]
[EventType "swiss"]
[EventRounds "6"]
[EventCountry "COL"]
[SourceTitle "EXT 2024"]
[Source "ChessBase"]
[SourceDate "2023.10.10"]
[SourceVersion "1"]
[SourceVersionDate "2023.10.10"]
[SourceQuality "1"]

1. e4 c5 2. Nf3 Nc6 3. d4 cxd4 4. Nxd4 e5 5. Nb5 d6 6. N1c3 a6 7. Na3 Nf6 8. Bg5 Be7 9. Bxf6 Bxf6 10. Nd5 b5 11. Nxf6+ Qxf6 12. c4 b4 13. Nc2 Be6 14. Qxd6 Rc8 15. Nxb4 Nd4 16. Qxa6 0-0 17. Bd3 Qg6 18. Nd5 Qxg2 19. Rf1 Bxd5 20. cxd5 Nc2+ 21. Bxc2 Rxc2 22. Qd3 Rxb2 23. d6 Rb4 24. f3 Rd4 25. Qe2 Qxe2+ 26. Kxe2 Rxd6 27. Rfd1 Rh6 28. Rh1 Rb8 29. Rad1 Kf8 30. a4 Ra6 31. Rd5 Rxa4 32. Rxe5 f6 33. Rf5 Rb3 1/2-1/2

[Event "COL-ch School U13"]
[Site "Bogota"]
[Date "2014.11.15"]
[Round "2.1"]
[White "Sabogal Varela, Jose Joaquin"]
[Black "Murillo, Oscar"]
[Result "1-0"]
[WhiteElo "1660"]
[BlackElo "1990"]
[PlyCount "57"]
[EventDate "2014.11.14"]
[EventType "swiss"]
[EventRounds "6"]
[EventCountry "COL"]
[SourceTitle "EXT 2024"]
[Source "ChessBase"]
[SourceDate "2023.10.10"]
[SourceVersion "1"]
[SourceVersionDate "2023.10.10"]
[SourceQuality "1"]

1. d4 e6 2. c4 d5 3. Nc3 c6 4. Nf3 Nf6 5. e3 Bb4 6. Bd2 Nbd7 7. a3 Be7 8. c5 b6 9. b4 a5 10. Bd3 axb4 11. axb4 Rxa1 12. Qxa1 Bb7 13. 0-0 0-0 14. Qb1 bxc5 15. bxc5 Qc8 16. h3 Ba6 17. Re1 Bxd3 18. Qxd3 Qc7 19. Ra1 Qb7 20. Qa6 Rb8 21. Qxb7 Rxb7 22. Ra8+ Rb8 23. Ra6 Rc8 24. Ra7 h6 25. Ne5 Rd8 26. Nxc6 Re8 27. Nxe7+ Kf8 28. Nc6 Rc8 29. Nb4 1-0

[Event "COL-ch U10"]
[Site "Bogota"]
[Date "2014.05.31"]
[Round "4"]
[White "Murillo, Oscar"]
[Black "Cardoso Cardoso, Jose Gabriel"]
[Result "0-1"]
[WhiteElo "2013"]
[BlackElo "1804"]
[PlyCount "86"]
[EventDate "2014.05.29"]
[EventType "swiss"]
[EventRounds "7"]
[EventCountry "COL"]
[SourceTitle "CBM 160 Extra"]
[Source "ChessBase"]
[SourceDate "2014.07.01"]
[SourceVersion "1"]
[SourceVersionDate "2014.07.01"]
[SourceQuality "1"]

1. e4 c5 2. Nf3 d6 3. d4 cxd4 4. Nxd4 Nf6 5. Nc3 a6 6. f4 e6 7. Be2 Nbd7 8. Nb3 Be7 9. Be3 b5 10. a3 Bb7 11. Bf3 0-0 12. 0-0 Qc7 13. Qd2 Nb6 14. Na5 Nc4 15. Nxc4 Qxc4 16. Qd3 Qc7 17. Rad1 Rfd8 18. Rf2 Nd7 19. Rfd2 Nb6 20. Bxb6 Qxb6+ 21. Qd4 Qxd4+ 22. Rxd4 d5 23. exd5 Bc5 24. Kf1 Bxd4 25. Rxd4 h6 26. Ke2 exd5 27. Kd3 g6 28. g4 Kg7 29. h4 Rac8 30. b3 Rc5 31. Kd2 Rdc8 32. Rd3 a5 33. Bd1 d4 34. Ne2 Be4 35. Rxd4 Bxc2 36. b4 axb4 37. axb4 R5c7 38. Bxc2 Rxc2+ 39. Kd3 R8c4 40. Rxc4 Rxc4 41. Nd4 Rxb4 42. Kc3 Rxd4 43. Kxd4 Kf6 0-1